Vnučka Oceánu /

Hlavní autor: Krautschneider, Rudolf, 1943-
Jazyk: Čeština
Vydáno: Velká Skrovnice : Magalhaes Cano, 2010
Vydání: Vyd. 1.
Témata:
Fyzický popis: 37 s., [18] s. obr. příl. : il., portréty ; 10 x 14 cm
Knihy
Uloženo v:
LEADER 01011nam a2200313 a 4500
001 nkc20102029836
003 CZ PrNK
005 20100331091303.0
007 ta
008 100204s2010 xr acf g 000 j cze
015 |a cnb002029836 
020 |a 978-80-87312-01-8  |q (brož.) 
035 |a (OCoLC)607527298 
040 |a ABA001  |b cze 
072 7 |a 821.162.3-3  |x Česká próza  |2 Konspekt  |9 25 
080 |a 821.162.3-32  |2 MRF 
080 |a (0:82-32)  |2 MRF 
100 1 |a Krautschneider, Rudolf,  |d 1943-  |7 jn20000728331  |4 aut 
245 1 0 |a Vnučka Oceánu /  |c Rudolf Krautschneider 
250 |a Vyd. 1. 
260 |a Velká Skrovnice :  |b Magalhaes Cano,  |c 2010 
300 |a 37 s., [18] s. obr. příl. :  |b il., portréty ;  |c 10 x 14 cm 
655 7 |a české příběhy  |7 fd133973  |2 czenas 
655 9 |a Czech stories  |2 eczenas 
910 2 |a BOA001  |b S-1237.237 
990 |a BK 
995 |a 01 
991 |b 201003 
996 6 |b 2610410914  |c S-1237.237  |l MZK  |r Sklad / do 24 hodin  |n 0  |p p.v.  |w 001108292  |u 000010  |a 1  |e BOA001  |j MZK50  |s P